| 000 | 00470nam a2200133Ia 4500 | ||
|---|---|---|---|
| 008 | 220216s9999 xx 000 0 und d | ||
| 100 | _aJain Shashank | ||
| 245 | 0 | _aFuel switch-over from fuel oil to biomass: Case study of a CDM project | |
| 260 | _bIn: Kyoto Protocol and the Rubber Industry (Eds. James Jacob and N.M. Mathew) Rubber Research Institute of India, Kottayam, 2006, pp. 67-73. | ||
| 650 | _aBiomass | ||
| 650 | _aCDM | ||
| 650 | _aFuel oil | ||
| 942 | _cJS | ||
| 999 |
_c59616 _d59616 |
||